000 00799nam a2200253 4500
003 OSt
005 20260601170954.0
008 260421b\\\\2008nyua||||\||||\00|\0\eng\d
020 _a9789 0 500 514139
040 _aICI
_bspa
_cICI
041 _aeng
050 1 _aTS171.6
_bR53
100 1 _aRichardson, Phyllis,
_eautor.
245 1 _aDesigned for kids :
_ba complete sourcebook /
_cPhyllis Richardson
264 _bThames & Hudson,
_c2008
_aNew York :
300 _a256 páginas :
_bilustraciones a color
336 _atexto
_2rdacontent
337 _asin medio
_2rdamedia
338 _avolumen
_2rdacarrier
650 1 _aDiseño industrial
_xObras ilustradas
_930275
650 1 _aObjetos de uso personal para niños
_930276
650 1 _aArtículos para lactantes
_930277
942 _2lcc
_cB
999 _c19764
_d19764